000
00427nam a2200133Ia 4500
008
151001s9999||||xx |||||||||||||| ||und||
100
_a
महादेव गोविंद शास्त्री
245
_a
कोलंबसाचा वृत्तांत
250
_a
1
260
_b
"समन्वय प्रकाशन, कोल्हापूर"
260
_c
2013
300
_a
176
365
_b
21
999
_c
1000277
_d
1000274